000
00216nam a2200097Ia 4500
005
20251222114406.0
008
251222s1900||||xx |||||||||||||| ||spa||
082
_a
DVD0099/D95M/2001
245
0
_a
My Metier:
942
_c
DVD
999
_c
1834
_d
1834